| 000 | 00992cam a22002771 4500 | ||
|---|---|---|---|
| 001 | sa 65001732 | ||
| 003 | DLC | ||
| 005 | 20260227112111.0 | ||
| 008 | 831216s1964 ii b 000 0 hino | ||
| 010 | _asa 65001732 | ||
| 025 | _aPL480:I-H-1948 | ||
| 035 | _a(OCoLC)21649692 | ||
| 040 |
_aDLC _cCU _dDLC |
||
| 042 | _apremarc | ||
| 050 | 0 | 0 |
_aPK2032 _b.T4 |
| 100 | 1 |
_aṬhākura, Deveśa, _d1933- |
|
| 245 | 1 | 0 |
_aPrasāda ke nārī caritra; _bādhunika Bhāratīya samāja tathā Hindī sāhitya meṃ nārī-sthiti ke vistr̥ta vevecana ka sātha. _c[Lekhaka] Deveśa Ṭhākura. |
| 260 |
_aDillī, _bNavayuga Prakāśana _c[1965] |
||
| 300 |
_a3, 560 p. _c22 cm. |
||
| 500 | _aIn Hindi. | ||
| 500 | _a"...Sāgara Viśvavidyālaya se Pī.-eca. Ḍī. kī upādhi ke lie svīkr̥ta śodha prabandha." | ||
| 504 | _aBibliography: p. [549]-556. | ||
| 600 | 1 | 0 |
_aPrasad, Jai Shankar, _d1889-1937. |
| 650 | 0 | _aWomen in literature. | |
| 650 | 0 |
_aHindi literature _xHistory and criticism. |
|
| 999 |
_c62190 _d62190 |
||